Estudio demográfico-médico del quinquenio de 1883 á 87 / por los doctores Juan de Rull y José Cabot
Descripción Física:
35 p. ; 26 cm
Otros Autores:
Caboy, José
MARC
| LEADER | 00000nam a2200000Ia 4500 | ||
|---|---|---|---|
| 001 | 8720 | ||
| 008 | 160829s1889 xx 000 0 cat d | ||
| 080 | |a RF-9-29 | ||
| 100 | |a Rull, Juan de |9 38716 | ||
| 245 | |a Estudio demográfico-médico del quinquenio de 1883 á 87 / por los doctores Juan de Rull y José Cabot | ||
| 260 | |a Barcelona : |b Casa Provincial de Maternidad y Expósitos. Inclusa, |c 1889 | ||
| 300 | |a 35 p. ; |c 26 cm | ||
| 650 | |a Casa de Maternitat i Expòsits (Barcelona) |x Estadístiques demogràfiques |9 38717 | ||
| 700 | |a Caboy, José |9 38718 | ||
| 710 | 2 | |a Casa de Maternitat i Expòsits de Barcelona |9 52670 | |
| 856 | 4 | |u https://media.diba.cat/diba/fitxers/arxiu/fulletons/bib_8720_1889_baixa.pdf |y Accés lliure | |
| 856 | 4 | |u https://media.diba.cat/diba/fitxers/arxiu/fulletons/bib_8720_1889_baixa.pdf |y Accés lliure | |
| 901 | |a Arxiu | ||
| 942 | |n 1 |2 udc | ||
| 952 | |0 0 |1 0 |4 0 |6 RF929 |7 1 |9 48556 |a Arxiu |b Arxiu |d 2016-12-01 |l 0 |o RF-9-29 |p 8720 |r 2016-12-01 00:00:00 |w 2016-12-01 |y ARXIU | ||
| 999 | |c 52386 |d 52386 | ||
| 900 | |a bib_8720_1889_baixa.pdf | ||